00481nam a2200157Ia 45000030006000000080041000060400015000471000024000622450053000862600009001395460012001489420012001609990017001720050017001899520117002060STCL150530s9999 xx 000 0 und d aSTCLcSTCL aSuresh Ameta,C.; Ed aInternational Journal of Chemical Sciences vol-1 c2003 aEnglish 2ddccBK c19375d1937520220125165841.0 00102ddc4070aSTCALbSTCALcGENd2015-05-30g32.00l0o505.2-1309p50056r2015-05-30 00:00:00w2015-05-30yBK